Estatuto Tributario 2011

Detalles Bibliográficos
Autor principal: Jimňez Lozano, ℓlvaro
Formato: eBook
Lenguaje:español
Publicado: Bogot ̀: Ecoe ediciones, 2011
Materias:
Acceso en línea:Acceso restringido

MARC

LEADER 00000nam a22000007a 4500
005 20120710171255.0
007 cr|||| ||||
008 120710s2011 co |||||s|||| 00||0 spa d
020 |a 978-958-648-713-9 
035 |a 6228 
040 |a vLex 
090 |c 3279  |d 3279 
100 1 |a  Jimňez Lozano, ℓlvaro  
245 1 0 |a Estatuto Tributario 2011  |h [Recurso electrn̤ico] /  |c ℓlvaro Jimňez Lozano  
256 |a Servicio en ln̕ea 
260 |a Bogot ̀:  |b Ecoe ediciones,  |c 2011 
300 |a 1 recurso electrn̤ico 
500 |a Incluye reforma tributaria Ley 1430 de 2010 En esta edicin̤ completamente actualizada se encuentran incorporadas todas las reformas hasta el 31 de diciembre de 2010 (incluye: ley 1430 de 2010 - Reforma tributaria y Decreto -Ley 4825 de 2010 - Impuesto de patrimonio 2011), la totalidad de las sentencias de la Corte Constitucional relacionadas con el estatuto, los plazos para declarar y pagar durante el aǫ 2011 concordancias, con cita textual de la norma, adems̀ de comentarios del autor y compiladores. Contenido: Como novedad y para el servicio del lector: * Agendas tributarias * Leyes y decretos tributarios * Conceptos tributarios DIAN * Resoluciones DIAN * Sentencias de la corte Constitucional. 
506 1 |a Contenido solo disponible en los productos indicados  |d vLex Global   |d vLex Global (Academic Edition, excluding Law Schools)   |d vLex Global (U.S. Academic Edition, Law Schools)   |d vLex Global (U.S. Academic Edition, excluding Law Schools)   |d vLex Global (Academic Edition, Law Schools)  
650 0 4 |a Derecho fiscal  |z Colombia 
740 0 |a vLex Libros (Servicio en ln̕ea) 
856 4 0 |u http://vlex.com/source/estatuto-tributario-2011-6228  |z Acceso restringido 
942 |c BOOK 
999 0 |a Taxation 
999 0 |a Law